| 000 -LEADER |
| fixed length control field |
00619nam a22002177a 4500 |
| 001 - CONTROL NUMBER |
| control field |
12836 |
| 003 - CONTROL NUMBER IDENTIFIER |
| control field |
BD-DhUAP |
| 005 - DATE AND TIME OF LATEST TRANSACTION |
| control field |
20210128152134.0 |
| 008 - FIXED-LENGTH DATA ELEMENTS--GENERAL INFORMATION |
| fixed length control field |
210128s1970 bg ||||| |||| 00| 0 eng d |
| 040 ## - CATALOGING SOURCE |
| Original cataloging agency |
BD-DhUAP |
| Language of cataloging |
Eng |
| Transcribing agency |
BD-DhUAP |
| Modifying agency |
BD-DhUAP |
| 082 ## - DEWEY DECIMAL CLASSIFICATION NUMBER |
| Edition number |
23 |
| Classification number |
546 AHM |
| 100 ## - MAIN ENTRY--PERSONAL NAME |
| Personal name |
Ahmed, Mofizud-din. |
| 245 ## - TITLE STATEMENT |
| Title |
A text book of organic chemistry / |
| Statement of responsibility, etc. |
Mofizud-din Ahmed and A. Jabbar Mian. |
| 250 ## - EDITION STATEMENT |
| Edition statement |
3rd ed. |
| 260 ## - PUBLICATION, DISTRIBUTION, ETC. |
| Place of publication, distribution, etc. |
Dacca : |
| Name of publisher, distributor, etc. |
Mrs Sufia Ahmed, |
| Date of publication, distribution, etc. |
1970. |
| 300 ## - PHYSICAL DESCRIPTION |
| Extent |
xiii, 508 pages ; |
| Dimensions |
22 cm. |
| 500 ## - GENERAL NOTE |
| General note |
Includes index. |
| 650 ## - SUBJECT ADDED ENTRY--TOPICAL TERM |
| Topical term or geographic name entry element |
Chemistry, Organic. |
| 700 ## - ADDED ENTRY--PERSONAL NAME |
| Personal name |
Mian, A. Jabbar. |
| 942 ## - ADDED ENTRY ELEMENTS (KOHA) |
| Source of classification or shelving scheme |
|
| Koha item type |
Book |